| 000 | 00393nam a2200145Ia 4500 | ||
|---|---|---|---|
| 008 | 151021s9999 xx 000 0 und d | ||
| 020 | _a9966909540 | ||
| 050 | _aBC 15 .O52 2007 | ||
| 245 | _a_Logic How to think correctly | ||
| 260 | _aNairobi Catholic University of EA 2007 | ||
| 300 | _a104p;ill. | ||
| 650 | _a_logic | ||
| 700 | _a_Omole Daniel | ||
| 980 | _a^d20110308 04:00:53^oanne | ||
| 999 |
_c6790 _d6790 |
||